Sports Quiz

Random Sports Quiz

TNA Weekly PPV 2004 Main Events Quiz Stats

 Plays Quiz not verified by Sporcle

Score 0/119 Timer 10:00
0 Plays Today
Date Wrestler % Correct
January 14, 2004Jeff Jarrett
100%
January 21, 2004Jeff Jarrett
100%
February 4, 2004Jeff Jarrett
100%
February 18, 2004Jeff Jarrett
100%
March 17, 2004Jeff Jarrett
100%
April 21, 2004Jeff Jarrett
100%
June 2, 2004Jeff Jarrett
100%
June 23, 2004Jeff Jarrett
100%
July 7, 2004Jeff Jarrett
100%
September 8, 2004Jeff Jarrett
100%
January 14, 2004AJ Styles
98%
February 25, 2004AJ Styles
98%
March 31, 2004AJ Styles
98%
April 21, 2004AJ Styles
98%
April 28, 2004AJ Styles
98%
May 5, 2004AJ Styles
98%
May 12, 2004AJ Styles
98%
May 19, 2004AJ Styles
98%
June 2, 2004AJ Styles
98%
June 9, 2004AJ Styles
98%
June 30, 2004AJ Styles
98%
July 28, 2004AJ Styles
98%
August 4, 2004AJ Styles
98%
August 18, 2004AJ Styles
98%
August 25, 2004AJ Styles
98%
September 1, 2004AJ Styles
98%
January 7, 2004Low Ki
92.9%
April 7, 2004Low Ki
92.9%
July 14, 2004James Storm
92.9%
July 21, 2004James Storm
92.9%
January 14, 2004Abyss
91.8%
February 18, 2004Chris Harris
91.8%
February 25, 2004Abyss
91.8%
March 3, 2004Chris Harris
91.8%
March 17, 2004Chris Harris
91.8%
March 31, 2004Abyss
91.8%
April 14, 2004Chris Harris
91.8%
May 12, 2004Chris Harris
91.8%
May 19, 2004Chris Harris
91.8%
June 2, 2004Chris Harris
91.8%
Date Wrestler % Correct
July 14, 2004Chris Harris
91.8%
July 21, 2004Chris Harris
91.8%
January 7, 2004Christopher Daniels
90.8%
April 7, 2004Christopher Daniels
90.8%
June 30, 2004Christopher Daniels
90.8%
March 31, 2004Raven
89.8%
April 14, 2004Raven
89.8%
May 5, 2004Raven
89.8%
May 19, 2004Raven
89.8%
June 2, 2004Raven
89.8%
March 31, 2004Ron Killings
87.8%
April 28, 2004Ron Killings
87.8%
May 19, 2004Ron Killings
87.8%
June 2, 2004Ron Killings
87.8%
June 23, 2004Ron Killings
87.8%
July 7, 2004Ron Killings
87.8%
August 25, 2004Ron Killings
87.8%
September 1, 2004Ron Killings
87.8%
January 7, 2004Chris Sabin
83.7%
February 11, 2004Chris Sabin
83.7%
May 26, 2004Chris Sabin
83.7%
June 16, 2004Bobby Roode
83.7%
June 16, 2004Chris Sabin
83.7%
June 30, 2004Chris Sabin
83.7%
February 11, 2004Elix Skipper
79.6%
March 24, 2004Elix Skipper
79.6%
June 16, 2004Elix Skipper
79.6%
January 7, 2004Michael Shane
77.6%
March 24, 2004Petey Williams
77.6%
May 26, 2004Petey Williams
77.6%
June 16, 2004Petey Williams
77.6%
June 30, 2004Michael Shane
77.6%
July 28, 2004Michael Shane
77.6%
August 11, 2004Petey Williams
77.6%
August 25, 2004Monty Brown
75.5%
February 11, 2004Jerry Lynn
74.5%
March 24, 2004Jerry Lynn
74.5%
June 16, 2004Jerry Lynn
74.5%
June 16, 2004Eric Young
73.5%
July 14, 2004Andy Douglas
73.5%
Date Wrestler % Correct
July 21, 2004Andy Douglas
73.5%
August 25, 2004Jeff Hardy
72.4%
September 8, 2004Jeff Hardy
72.4%
March 3, 2004Shane Douglas
70.4%
March 10, 2004David Young
69.4%
July 14, 2004Chase Stevens
67.3%
July 21, 2004Chase Stevens
67.3%
March 24, 2004Frankie Kazarian
66.3%
June 9, 2004Frankie Kazarian
66.3%
June 30, 2004Frankie Kazarian
66.3%
July 28, 2004Frankie Kazarian
66.3%
March 10, 2004Kid Kash
60.2%
April 7, 2004Kid Kash
60.2%
August 4, 2004Kid Kash
60.2%
August 18, 2004Kid Kash
60.2%
August 25, 2004Kid Kash
60.2%
September 1, 2004Kid Kash
60.2%
March 24, 2004Amazing Red
59.2%
June 30, 2004Amazing Red
59.2%
August 11, 2004Amazing Red
59.2%
April 7, 2004Dallas
56.1%
August 25, 2004Dallas
56.1%
September 1, 2004Dallas
56.1%
February 4, 2004Dustin Rhodes
46.9%
February 11, 2004Sonjay Dutt
45.9%
January 21, 2004El Leon
36.7%
January 14, 2004Erik Watts
33.7%
January 28, 2004Erik Watts
33.7%
February 11, 2004Hector Garza
31.6%
May 26, 2004Hector Garza
31.6%
February 11, 2004Juventud Guerrera
22.4%
January 28, 2004Don Callis
18.4%
March 10, 2004Glenn Gilbertti
14.3%
February 11, 2004Abismo Negro
13.3%
February 11, 2004Mr. Aguila
9.2%
March 24, 2004Nosawa
7.1%
March 10, 2004Violent J
5.1%
March 10, 2004Shaggy 2 Dope
5.1%
March 10, 2004Too Tuff Tony
4.1%

You're not logged in!

Compare scores with friends on all Sporcle quizzes.
OR
Log In

Show Comments

Extras

Top Quizzes Today


Score Distribution

Your Account Isn't Verified!

In order to create a playlist on Sporcle, you need to verify the email address you used during registration. Go to your Sporcle Settings to finish the process.

Report this User

Report this user for behavior that violates our Community Guidelines.

Details: